书目信息 |
| 题名: |
南海区域问题研究
|
|
| 作者: | 安应民 主编 | |
| 分册: | 第一辑 | |
| 出版信息: | 北京 中国经济出版社 2012 |
|
| 页数: | 236页 | |
| 开本: | 24cm | |
| 丛书名: | ||
| 单 册: | ||
| 中图分类: | P74-53 , D823-53 | |
| 科图分类: | ||
| 主题词: | 外交--中国--外交--中国 | |
| 电子资源: | ||
| ISBN: | 978-7-5136-1276-0 | |
| 000 | 01121nam0 2200289 450 | |
| 001 | 2687 | |
| 005 | 20161205145451.26 | |
| 005 | 20131008090653.0 | |
| 005 | 20131023165209 | |
| 010 | @a978-7-5136-1276-0@dCNY35.00 | |
| 100 | @a20121010d2012 em y0chiy0110 ea | |
| 101 | 0 | @achi |
| 102 | @aCN@b110000 | |
| 105 | @aa z 000yy | |
| 200 | 1 | @a南海区域问题研究@9nan hai qu yu wen ti yan jiu@b专著@h第一辑@f安应民主编@g《南海区域问题研究》编委会[编] |
| 210 | @a北京@c中国经济出版社@d2012 | |
| 215 | @a236页@c图@d24cm | |
| 304 | @a封面英文共同题名:The South China Sea area prlblem research | |
| 330 | @a本书以维护我国对南海的主权,促进南海区域发展为宗旨,重点探讨维护南海主权的战略与对策、南海安全战略与海洋战略选择、强化南海海洋行政管理、优化南海海洋综合管理职能、推进南海有序开发以及经略南海中的海南区位作用发挥等。 | |
| 606 | 0 | @a外交@x中国@a外交@x中国 |
| 607 | @a南海@j文集@x国际问题 | |
| 607 | @a南海@j文集@x海洋开发 | |
| 690 | @aP74-53@v5 | |
| 690 | @aD823-53@v4 | |
| 701 | 0 | @a安应民@9an ying min@f(1952.8-)@4主编 |
| 801 | 0 | @aCN@b大连网信软件有限公司图书馆·11@c20161205 |
| 905 | @aZUCC@dP74-53@e69:1 | |
| 南海区域问题研究.第一辑/安应民主编/《南海区域问题研究》编委会[编].-北京:中国经济出版社,2012 |
| 236页:图;24cm |
| ISBN 978-7-5136-1276-0:CNY35.00 |
| 本书以维护我国对南海的主权,促进南海区域发展为宗旨,重点探讨维护南海主权的战略与对策、南海安全战略与海洋战略选择、强化南海海洋行政管理、优化南海海洋综合管理职能、推进南海有序开发以及经略南海中的海南区位作用发挥等。 |
| ● |
| 相关链接 |
|
|
|
|
正题名:南海区域问题研究
索取号:P74-53/69:1
 
预约/预借
| 序号 | 登录号 | 条形码 | 馆藏地/架位号 | 状态 | 备注 |
| 1 | 910791 | 209107919 | 第二样本阅览室/ [索取号:P74-53/69:1] | 在馆 | |
| 2 | 910792 | 209107928 | 第三借阅区/ [索取号:P74-53/69:1] | 在馆 | |
| 3 | 910793 | 209107937 | 第三借阅区/ [索取号:P74-53/69:1] | 在馆 | |
| 4 | 910794 | 209107946 | 第三借阅区/ [索取号:P74-53/69:1] | 在馆 | |
| 5 | 910795 | 209107955 | 第三借阅区/ [索取号:P74-53/69:1] | 在馆 |